| 000 | 00579cam a2200205 i 4500 | ||
|---|---|---|---|
| 020 | _a0805305408 : | ||
| 040 | _cDLC | ||
| 082 | 0 | 0 | _a581 BEN 1980 A080 Or. |
| 100 | 1 | _aBarbour, Michael G. | |
| 245 | 1 | 0 | _aTerrestrial plant ecology / |
| 260 |
_aMenlo Park, CA : _bBenjamin/Cummings Pub. Co., _cc1980. |
||
| 300 |
_axi, 604 p. : _bill. ; _c24 cm. |
||
| 490 | 1 | _aThe Benjamin/Cummings series in the life sciences | |
| 500 | _aIncludes index. | ||
| 650 | 0 | _aPlant ecology. | |
| 650 | 0 | _aPlant ecology | |
| 700 | 1 | _aBurk, Jack H., | |
| 700 | 1 | _aPitts, Wanna D., | |
| 942 | _cEK | ||
| 999 |
_c15620 _d15620 |
||